Online Catalogue and eLibrary

Men are from Mars, Women are from Venus (Record no. 5032)

MARC details
000 -LEADER
fixed length control field 00427nam a2200169Ia 4500
005 - DATE AND TIME OF LATEST TRANSACTION
control field 20250109045307.0
008 - FIXED-LENGTH DATA ELEMENTS--GENERAL INFORMATION
fixed length control field 240331s9999 xx 000 0 und d
020 ## - INTERNATIONAL STANDARD BOOK NUMBER
ISBN 9788172235031
082 ## - DDC Classification
Item Number - Author Mark JOH
DDC Edition Number 1659
Class No. 305.3
100 ## - MAIN ENTRY--PERSONAL NAME
Personal name Gray, J
245 #0 - TITLE STATEMENT
Title Men are from Mars, Women are from Venus
260 ## - PUBLICATION, DISTRIBUTION, ETC.
Place of publication, distribution, etc. Uttar Pradesh
Name of publisher, distributor, etc. HarperCollins Publishers
Date of publication, distribution, etc. 2010
300 ## - PHYSICAL DESCRIPTION
Extent (e.g. Volumes, Pages etc.) x, 286 p.,
650 ## - SUBJECT ADDED ENTRY--TOPICAL TERM
Topical term or geographic name entry element Women
650 ## - SUBJECT ADDED ENTRY--TOPICAL TERM
Topical term or geographic name entry element Men
942 ## - Koha item type (Biblio)
Koha item type Books in Stacks (Lending)
Holdings
Lost status Damaged status Collection code Home library Current library Shelving location Date acquired Full call number Accession Number Item type
    Lending WERC Library WERC Library Social Science Cupboard 03/31/2024 305.3 GRA 1659 Books in Stacks (Lending)

© WERC Library